Slums and community development: experiments in self-help (Record no. 412237)

000 -LEADER
fixed length control field 00491cam a22001577a 4500
008 - FIXED-LENGTH DATA ELEMENTS--GENERAL INFORMATION
fixed length control field 180718b1966 xxu||||| |||| 00| 0 eng d
082 ## - DEWEY DECIMAL CLASSIFICATION NUMBER
Classification number XA37 C615 C.2
100 ## - MAIN ENTRY--PERSONAL NAME
Personal name Clinard, Marshell B.
245 ## - TITLE STATEMENT
Title Slums and community development: experiments in self-help
Statement of responsibility, etc. byn Marshall B. Clinard
260 ## - PUBLICATION, DISTRIBUTION, ETC.
Place of publication, distribution, etc. New York
Name of publisher, distributor, etc. Free
Date of publication, distribution, etc. 1966
300 ## - PHYSICAL DESCRIPTION
Extent xvi, 395p
650 ## - SUBJECT ADDED ENTRY--TOPICAL TERM
Topical term or geographic name entry element Poor --India --Delhi.
650 ## - SUBJECT ADDED ENTRY--TOPICAL TERM
Topical term or geographic name entry element Community organization --India --Delhi
650 ## - SUBJECT ADDED ENTRY--TOPICAL TERM
Topical term or geographic name entry element Slums --India --Delhi
650 ## - SUBJECT ADDED ENTRY--TOPICAL TERM
Topical term or geographic name entry element Slums
Holdings
Withdrawn status Lost status Damaged status Not for loan Permanent Location Current Location Date acquired Full call number Barcode Date last seen Price effective from Koha item type
        Indian Institute of Public Administration Indian Institute of Public Administration 2009-02-04 XA37 C615 C.2 DA673 2018-07-21 2018-07-21 DA

Powered by Koha